000 00324nam a2200121Ia 4500
008 240731s9999 xx 000 0 und d
022 _a2164-232X
245 0 _aComplex Metals : An Open Access Journal
260 _bTaylor & Francis Open
856 _uhttps://www.tandfonline.com/loi/tcme20
942 _2ddc
942 _cTFEJ
999 _c76020
_d76020
945 _a1
_bMadushi Gamage
_c1
_dMadushi Gamage